000
00259nam a22001217a 4500
008
180922b xxu||||| |||| 00| 0 eng d
041
_a
eng
080
_a
531
100
_a
43
101
_a
FIZ
245
_a
Tables for Statisticians
_c
Arkin
942
_2
udc
_c
BK
999
_c
48232
_d
48232